| 000 | 01070cam a2200229 4500 | ||
|---|---|---|---|
| 001 | ABS61825 | ||
| 008 | 000000n1999 000 0 eng u | ||
| 035 | _a(Sirsi) u103653 | ||
| 100 | _aMacDonald, K. | ||
| 245 | _aHas Ireland found planning's Third Way? | ||
| 260 | _c1999 | ||
| 490 |
_aAxis _v54(6) December-January 2000, 11(1) |
||
| 520 | _aDescribes the Irish Planning Bill which attempts to deal with the problem of providing affordable housing. The Bill proposes that as part of a planning permission for housing, developers will be required to trandfer a specified percentage of their site to the local authority and that the transfer has to take place 'for an amount representing the value of the land based on the exisitng use of that land disregarding the provisions of the development plan'. | ||
| 590 | _aABS | ||
| 650 | _aPLANNING POLICY | ||
| 650 | _aIRELAND | ||
| 650 | _aPLANNING BILL | ||
| 650 | _aDEVELOPMENT PLANS | ||
| 650 | _aPLANNING PERMISSION | ||
| 690 | _aENVIRONMENTAL AND LAND CONSULTANCY-PLANNING AND DEVELOPMENT | ||
| 942 | _n0 | ||
| 999 |
_c62245 _d62245 |
||